| 000 | 00831nam a2200253Ia 4500 | ||
|---|---|---|---|
| 003 | OSt | ||
| 005 | 20220918165822.0 | ||
| 006 | a|||||r|||| 00| 0 | ||
| 007 | ta | ||
| 008 | 220917b |||||||| |||| 00| 0 eng d | ||
| 020 |
_a8173046921 (hbk) _c895 |
||
| 024 | _a238,354 | ||
| 037 |
_bG-4276/08-09, 04/02/2009, Manohar Publisher &Distributors _cTextual |
||
| 040 |
_aARTS _cARTS _beng |
||
| 041 |
_2eng _aeng |
||
| 082 | _aY72:38.27321, P6 | ||
| 100 |
_aGhosh Abhik _925601 |
||
| 245 | 0 |
_aWorld of the oraon _b Their symbols in time and space |
|
| 260 |
_aDelhi _bManohar Publishers and Distributors India _c2006 |
||
| 300 |
_a364p. _ccm. |
||
| 650 | _aSOCIOLOGY | ||
| 942 |
_hY72:38.27321, P6 _cTEXL _2CC |
||
| 999 |
_c131188 _d131188 |
||